Pokémon Moves Starting with the Letter U and V - Statistics

General Stats
  • This quiz has been taken 121 times
    80 since last reset
  • The average score is 11 of 13
Answer Stats
Type Phys/Spec/Status Special Effect Answer % Correct
Bug - U Physical User switches out with party member after attack U-Turn
100%
Electric Special User switches out with party member after attack Volt Switch
100%
Electric Physical User receives 1/3 recoil damage. May paralyze foe Volt Tackle
100%
Fire - V Physical Lowers users Spec. Def., Def. and Speed after use V-create
95%
Poison Special Deals double damage to poisoned targets Venoshock
93%
Normal - U Special No one can fall asleep for 3 turns Uproar
91%
Fighting - V Special High priority move Vacuum Wave
91%
Grass Physical N/A Vine Whip
84%
Poison Status Lowers Atk., Spec. Atk., and Speed of poisoned foes Venom Drench
81%
Fighting Status Raises user Attack, Defense, and Speed 1 stage. Signature of Hisuian Lilligant Victory Dance
74%
Normal Physical Power depends on Friendship. Signature of PartnerEevee Veevee Volley
65%
Fighting Physical Never Misses. Low priority move. Vital Throw
65%
Normal Physical N/A Vicegrip
56%
No matching quizzes found
Score Distribution
Percent of People with Each Score
Percentile by Number Answered
Your Score History
You have not taken this quiz since the last reset